000 00441pab a2200169 454500
008 180718b2013 xxu||||| |||| 00| 0 eng d
100 _aBaru, Sanjaya
245 _aIndia and the world: A geo-economics perspective
260 _c2013
300 _ap.37-41.
362 _a9 Feb
650 _aIndia - Foreign relations
650 _aInternational relations
773 _aEconomic and Political Weekly
908 _aN
909 _a102077
999 _c102075
_d102075